Osobné zámená v slovenskom a vo francúzskom jazyku - porovnanie

Osobné zámená vo funkcii vetného podmetu. Osobné zámená vo funkcii vetného predmetu - priameho a nepriameho. Postavenie predmetových osobných zámien vo vete.

Enregistré dans:
Détails bibliographiques
Auteur principal: Petríková, Ľubica
Format: Chapitre de livre
Langue:slovaque
Sujets:
Tags: Ajouter un tag
Pas de tags, Soyez le premier à ajouter un tag!

MARC

LEADER 00000naa$a2200000$$$4500
001 0161657
005 20240502083359.5
041 0 |a slo 
044 |a FR 
245 1 0 |a Osobné zámená v slovenskom a vo francúzskom jazyku - porovnanie  |c Ľubica Petríková 
520 |a Osobné zámená vo funkcii vetného podmetu. Osobné zámená vo funkcii vetného predmetu - priameho a nepriameho. Postavenie predmetových osobných zámien vo vete. 
610 2 0 |a jazyky cudzie 
610 2 0 |a francúzština 
610 2 0 |a slovenčina 
610 2 0 |a gramatika 
100 1 |a Petríková, Ľubica